[Event "Team Championship Russia (Blitz, Men)"]
[Site "Sochi"]
[Date "2018.10.10"]
[Round "1.34"]
[White "Babayan, Arman S."]
[Black "Vastrukhin, Oleg"]
[Result "0-1"]
[BlackElo "2535"]
[WhiteElo "1806"]
[LiveChessVersion "1.4.8"]

1. c4 {[%clk 0:03:03]} g6 {[%clk 0:03:03]} 2. Nc3 {[%clk 0:03:05]} Bg7
{[%clk 0:03:04]} 3. d4 {[%clk 0:03:06]} c5 {[%clk 0:03:05]} 4. Nf3
{[%clk 0:03:04]} cxd4 {[%clk 0:03:06]} 5. Nxd4 {[%clk 0:03:04]} Nc6
{[%clk 0:03:07]} 6. e3 {[%clk 0:03:05]} Nh6 {[%clk 0:03:06]} 7. Nxc6
{[%clk 0:02:45]} dxc6 {[%clk 0:03:02]} 8. Qxd8+ {[%clk 0:02:38]} Kxd8
{[%clk 0:03:03]} 9. Bd3 {[%clk 0:02:14]} Kc7 {[%clk 0:03:03]} 10. Ke2
{[%clk 0:01:43]} Rd8 {[%clk 0:02:56]} 11. Rd1 {[%clk 0:01:41]} Ng4
{[%clk 0:02:57]} 12. h3 {[%clk 0:01:39]} Ne5 {[%clk 0:02:58]} 13. f4
{[%clk 0:00:46]} Nxd3 {[%clk 0:02:56]} 14. Rxd3 {[%clk 0:00:46]} Be6
{[%clk 0:02:54]} 15. b3 {[%clk 0:00:36]} Rxd3 {[%clk 0:02:49]} 16. Kxd3
{[%clk 0:00:37]} Rd8+ {[%clk 0:02:46]} 17. Kc2 {[%clk 0:00:36]} Bf5+
{[%clk 0:02:46]} 18. e4 {[%clk 0:00:25]} Bxe4+ {[%clk 0:02:41]} 19. Nxe4
{[%clk 0:00:25]} Bxa1 {[%clk 0:02:42]} 20. Ba3 {[%clk 0:00:25]} Bf6
{[%clk 0:02:16]} 21. Nxf6 {[%clk 0:00:16]} exf6 {[%clk 0:02:17]} 22. Be7
{[%clk 0:00:16]} Re8 {[%clk 0:02:18]} 23. Bxf6 {[%clk 0:00:14]} Re2+
{[%clk 0:02:18]} 24. Kc3 {[%clk 0:00:15]} Rxg2 {[%clk 0:02:18]} 25. a3
{[%clk 0:00:07]} Rg3+ {[%clk 0:02:19]} 26. Kb4 {[%clk 0:00:08]} Rxh3
{[%clk 0:02:20]} 27. Be5+ {[%clk 0:00:07]} Kd7 {[%clk 0:02:21]} 28. Ka4
{[%clk 0:00:03]} h5 {[%clk 0:02:22]} 0-1

[Event "Team Championship Russia (Blitz, Men)"]
[Site "Sochi"]
[Date "2018.10.10"]
[Round "1.35"]
[White "Lugovskoy, Maxim"]
[Black "Terzyan, Nazar"]
[Result "1/2-1/2"]
[BlackElo "2023"]
[WhiteElo "2436"]
[LiveChessVersion "1.4.8"]

1. e4 {[%clk 0:03:03]} c5 {[%clk 0:03:03]} 2. c3 {[%clk 0:03:04]} Nf6
{[%clk 0:03:03]} 3. e5 {[%clk 0:03:05]} Nd5 4. d4 cxd4 {[%clk 0:03:05]} 5. cxd4
{[%clk 0:03:08]} d6 {[%clk 0:03:03]} 6. Nf3 {[%clk 0:03:08]} Nc6 {[%clk 0:03:04]}
7. Bc4 {[%clk 0:03:09]} Nb6 {[%clk 0:03:04]} 8. Bb3 {[%clk 0:03:11]} Bf5
{[%clk 0:03:02]} 9. O-O {[%clk 0:03:05]} e6 {[%clk 0:02:59]} 10. Nc3
{[%clk 0:03:01]} a6 {[%clk 0:02:47]} 11. Bg5 {[%clk 0:03:00]} Be7
{[%clk 0:02:44]} 12. Bxe7 {[%clk 0:03:00]} Qxe7 {[%clk 0:02:44]} 13. d5
{[%clk 0:02:51]} Nxe5 {[%clk 0:02:35]} 14. Nd4 {[%clk 0:02:52]} O-O
{[%clk 0:02:23]} 15. dxe6 {[%clk 0:02:47]} Bxe6 {[%clk 0:02:22]} 16. Nxe6
{[%clk 0:02:46]} fxe6 {[%clk 0:02:23]} 17. Qd4 {[%clk 0:02:46]} Nbd7
{[%clk 0:01:41]} 18. Rae1 {[%clk 0:02:46]} Rf6 {[%clk 0:01:10]} 19. f4
{[%clk 0:02:46]} Nc6 {[%clk 0:01:11]} 20. Qe3 {[%clk 0:02:43]} Nc5
{[%clk 0:01:11]} 21. Ne4 {[%clk 0:02:37]} Nxe4 {[%clk 0:01:10]} 22. Qxe4
{[%clk 0:02:38]} d5 {[%clk 0:01:04]} 23. Qd3 {[%clk 0:02:21]} Qd6
{[%clk 0:00:59]} 24. f5 {[%clk 0:02:15]} Nb4 {[%clk 0:00:54]} 25. Qd2
{[%clk 0:02:00]} Rxf5 {[%clk 0:00:40]} 26. Rxf5 {[%clk 0:02:00]} exf5
{[%clk 0:00:41]} 27. a3 {[%clk 0:02:01]} Nc6 {[%clk 0:00:34]} 28. Qxd5+
{[%clk 0:01:49]} Qxd5 {[%clk 0:00:34]} 29. Bxd5+ {[%clk 0:01:50]} Kh8
{[%clk 0:00:36]} 30. Re6 {[%clk 0:01:47]} Nd4 {[%clk 0:00:34]} 31. Re7
{[%clk 0:01:46]} Rd8 {[%clk 0:00:32]} 32. Bxb7 {[%clk 0:01:44]} h6
{[%clk 0:00:33]} 33. Bxa6 {[%clk 0:01:44]} Rb8 {[%clk 0:00:28]} 34. Rb7
{[%clk 0:01:39]} Re8 {[%clk 0:00:27]} 35. Kf2 {[%clk 0:01:38]} Nc2
{[%clk 0:00:20]} 36. Bd3 {[%clk 0:01:36]} Nd4 {[%clk 0:00:19]} 37. Rd7
{[%clk 0:01:37]} Nb3 {[%clk 0:00:12]} 38. Bc2 {[%clk 0:01:30]} Nc1
{[%clk 0:00:11]} 39. Rd1 {[%clk 0:01:25]} Re2+ {[%clk 0:00:12]} 40. Kf3
{[%clk 0:01:19]} Rxc2 {[%clk 0:00:12]} 41. b4 {[%clk 0:01:20]} Na2
{[%clk 0:00:13]} 42. Kf4 {[%clk 0:01:05]} Rc3 {[%clk 0:00:14]} 43. b5
{[%clk 0:00:48]} Rxa3 {[%clk 0:00:15]} 44. Ra1 {[%clk 0:00:50]} Ra4+
{[%clk 0:00:14]} 45. Kxf5 {[%clk 0:00:50]} Nc3 {[%clk 0:00:15]} 46. Rxa4
{[%clk 0:00:40]} Nxa4 {[%clk 0:00:16]} 47. Ke6 {[%clk 0:00:33]} Kg8
{[%clk 0:00:15]} 48. Ke7 {[%clk 0:00:35]} Nc3 {[%clk 0:00:10]} 49. Ke6
{[%clk 0:00:09]} Nxb5 {[%clk 0:00:11]} 50. Kf5 {[%clk 0:00:10]} Nc7
{[%clk 0:00:12]} 51. Kg6 {[%clk 0:00:11]} Nd5 {[%clk 0:00:13]} 52. g4
{[%clk 0:00:09]} Ne7+ {[%clk 0:00:14]} 53. Kh5 {[%clk 0:00:10]} Kf7
{[%clk 0:00:15]} 54. h4 {[%clk 0:00:09]} Nd5 {[%clk 0:00:15]} 55. g5
{[%clk 0:00:10]} hxg5 {[%clk 0:00:09]} 56. Kxg5 {[%clk 0:00:12]} Ne3
{[%clk 0:00:06]} 57. h5 {[%clk 0:00:14]} Nd5 {[%clk 0:00:05]} 58. h6
{[%clk 0:00:15]} gxh6+ {[%clk 0:00:05]} 59. Kxh6 {[%clk 0:00:16]} 1/2-1/2

[Event "Team Championship Russia (Blitz, Men)"]
[Site "Sochi"]
[Date "2018.10.10"]
[Round "1.36"]
[White "Grigoriants, Boris"]
[Black "Oganian, Miran"]
[Result "0-1"]
[BlackElo "2466"]
[WhiteElo "1854"]
[LiveChessVersion "1.4.8"]

1. Nf3 {[%clk 0:03:03]} Nf6 {[%clk 0:03:03]} 2. g3 {[%clk 0:03:04]} e6
{[%clk 0:03:04]} 3. Bg2 {[%clk 0:03:05]} d5 {[%clk 0:03:05]} 4. d3
{[%clk 0:03:06]} Be7 {[%clk 0:03:05]} 5. O-O {[%clk 0:03:06]} O-O
{[%clk 0:03:05]} 6. Nbd2 {[%clk 0:03:08]} c5 {[%clk 0:03:05]} 7. e4
{[%clk 0:03:09]} Nc6 {[%clk 0:03:05]} 8. e5 {[%clk 0:03:10]} Ne8 {[%clk 0:03:03]}
9. Re1 {[%clk 0:03:06]} Nc7 {[%clk 0:03:04]} 10. h4 {[%clk 0:02:53]} b5
{[%clk 0:03:05]} 11. Nf1 {[%clk 0:02:52]} b4 {[%clk 0:03:06]} 12. N1h2
{[%clk 0:02:36]} Nb5 {[%clk 0:03:06]} 13. Ng4 {[%clk 0:02:19]} Nbd4
{[%clk 0:03:07]} 14. h5 {[%clk 0:01:55]} Nxf3+ {[%clk 0:03:07]} 15. Qxf3
{[%clk 0:01:55]} Nd4 {[%clk 0:03:08]} 16. Qd1 {[%clk 0:01:56]} a5
{[%clk 0:02:52]} 17. Be3 {[%clk 0:01:44]} Nf5 {[%clk 0:02:50]} 18. c4
{[%clk 0:01:16]} Bb7 {[%clk 0:02:24]} 19. h6 {[%clk 0:01:16]} g6 {[%clk 0:02:25]}
20. a3 {[%clk 0:00:31]} Qb6 {[%clk 0:02:08]} 21. a4 {[%clk 0:00:16]} dxc4
{[%clk 0:01:59]} 22. dxc4 {[%clk 0:00:17]} Bxg2 23. Kxg2 {[%clk 0:00:19]} Rad8
{[%clk 0:01:54]} 24. Qf3 {[%clk 0:00:14]} b3 {[%clk 0:01:43]} 25. Red1
{[%clk 0:00:14]} Qb4 {[%clk 0:01:36]} 26. Qe4 {[%clk 0:00:07]} Nd4
{[%clk 0:00:57]} 27. Bxd4 {[%clk 0:00:04]} cxd4 {[%clk 0:00:45]} 28. Rxd4
{[%clk 0:00:06]} Rc8 {[%clk 0:00:34]} 29. Qf4 {[%clk 0:00:06]} Qc5
{[%clk 0:00:26]} 30. Nf6+ {[%clk 0:00:07]} Kh8 {[%clk 0:00:27]} 31. Nd7
{[%clk 0:00:09]} Qc6+ {[%clk 0:00:28]} 32. f3 {[%clk 0:00:10]} g5
{[%clk 0:00:22]} 33. Qg4 {[%clk 0:00:10]} Rfd8 {[%clk 0:00:22]} 34. Rad1
{[%clk 0:00:09]} Rg8 {[%clk 0:00:14]} 35. Qh5 {[%clk 0:00:11]} Rg6
{[%clk 0:00:15]} 36. Qg4 {[%clk 0:00:11]} Rxh6 {[%clk 0:00:14]} 37. Kf2
{[%clk 0:00:06]} Qxa4 {[%clk 0:00:11]} 38. c5 {[%clk 0:00:05]} Qb5
{[%clk 0:00:09]} 39. Qe4 {[%clk 0:00:05]} Rh2+ 40. Kg1 {[%clk 0:00:07]} Qe2
{[%clk 0:00:06]} 41. Qxe2 {[%clk 0:00:09]} Rxe2 {[%clk 0:00:08]} 42. Nf6
{[%clk 0:00:10]} Bxc5 {[%clk 0:00:07]} 43. Kf1 {[%clk 0:00:11]} Bxd4
{[%clk 0:01:03]} 44. Kxe2 {[%clk 0:00:13]} Bxe5 {[%clk 0:01:02]} 45. Ne4
{[%clk 0:00:10]} h6 {[%clk 0:00:49]} 46. Rd7 {[%clk 0:00:10]} Kg8
{[%clk 0:00:47]} 47. Ke3 {[%clk 0:00:07]} Bxb2 {[%clk 0:00:45]} 48. Nd6
{[%clk 0:00:06]} Rb8 {[%clk 0:00:38]} 49. Rxf7 {[%clk 0:00:05]} Be5
{[%clk 0:00:33]} 50. Rd7 {[%clk 0:00:06]} Bxd6 {[%clk 0:00:31]} 51. Kd4 0-1

[Event "Team Championship Russia (Blitz, Men)"]
[Site "Sochi"]
[Date "2018.10.10"]
[Round "2.1"]
[White "Paravyan, David"]
[Black "Artemiev, Vladislav"]
[Result "1/2-1/2"]
[BlackElo "2849"]
[WhiteElo "2634"]
[LiveChessVersion "1.4.8"]

1. d4 {[%clk 0:03:03]} Nf6 2. c4 g6 {[%clk 0:03:03]} 3. Nc3 {[%clk 0:03:05]} d5
{[%clk 0:03:04]} 4. cxd5 {[%clk 0:03:06]} Nxd5 5. e4 Nxc3 6. bxc3 Bg7 7. Nf3 c5
8. Bb5+ Nc6 {[%clk 0:03:04]} 9. O-O {[%clk 0:03:07]} O-O {[%clk 0:02:59]} 10. Be3
{[%clk 0:03:08]} Bg4 {[%clk 0:02:59]} 11. Bxc6 {[%clk 0:03:08]} bxc6 12. Rc1 Qa5
{[%clk 0:02:58]} 13. Qc2 {[%clk 0:03:10]} Bxf3 {[%clk 0:02:12]} 14. gxf3
{[%clk 0:03:11]} c4 {[%clk 0:02:03]} 15. Qe2 {[%clk 0:02:56]} Qa4
{[%clk 0:02:01]} 16. Rb1 {[%clk 0:02:56]} Rab8 {[%clk 0:02:03]} 17. Rfc1
{[%clk 0:01:50]} Rfd8 {[%clk 0:01:37]} 18. e5 {[%clk 0:01:22]} e6
{[%clk 0:01:32]} 19. Rb4 {[%clk 0:01:21]} Rxb4 {[%clk 1:18:20]} 20. cxb4
{[%clk 0:01:21]} Qxb4 {[%clk 0:01:12]} 21. Qxc4 {[%clk 0:01:22]} Qa5
{[%clk 0:01:00]} 22. a4 {[%clk 0:01:08]} Rc8 {[%clk 0:00:53]} 23. Rb1
{[%clk 0:01:09]} Qd8 {[%clk 0:00:34]} 24. Rb7 {[%clk 0:01:06]} a5 25. Kg2 Bf8
{[%clk 0:00:26]} 26. Bd2 {[%clk 0:00:52]} c5 {[%clk 0:00:25]} 27. Be3
{[%clk 0:00:37]} cxd4 {[%clk 0:00:25]} 28. Qxd4 {[%clk 0:00:38]} Qxd4 29. Bxd4
Kg7 {[%clk 0:00:08]} 30. Bb6 {[%clk 0:00:34]} Rc4 {[%clk 0:00:05]} 31. Bxa5
{[%clk 0:00:34]} Rxa4 {[%clk 0:00:05]} 32. Bd2 {[%clk 0:00:31]} h6
{[%clk 0:00:05]} 33. f4 {[%clk 0:00:23]} Ba3 {[%clk 0:00:05]} 34. Be3
{[%clk 0:00:22]} Rc4 {[%clk 0:00:05]} 35. Kf3 {[%clk 0:00:22]} Rc3
{[%clk 0:00:06]} 36. Ke4 {[%clk 0:00:18]} Bc1 {[%clk 0:00:07]} 37. Bxc1 Rxc1 38.
Kf3 Rc3+ 39. Kg2 Rc4 40. Kg3 {[%clk 0:00:04]} Re4 {[%clk 0:00:11]} 41. Kf3
{[%clk 0:00:04]} Rd4 {[%clk 0:00:12]} 42. h4 {[%clk 0:00:04]} Rd1
{[%clk 0:00:13]} 43. Kg2 {[%clk 0:00:04]} Re1 {[%clk 0:00:13]} 44. Ra7
{[%clk 0:00:05]} Rd1 {[%clk 0:00:10]} 45. Rb7 {[%clk 0:00:06]} Rd8 46. Ra7 Kf8
{[%clk 0:00:12]} 47. Rb7 Ke8 48. Ra7 {[%clk 0:00:09]} Rd4 {[%clk 0:00:12]} 49.
Kg3 {[%clk 0:00:09]} Rd7 {[%clk 0:00:08]} 50. Ra8+ Ke7 51. Rh8 {[%clk 0:00:10]}
Rd3+ {[%clk 0:00:10]} 52. Kg2 {[%clk 0:00:09]} Rd4 {[%clk 0:00:09]} 53. Kg3
{[%clk 0:00:10]} h5 {[%clk 0:00:10]} 1/2-1/2

[Event "Team Championship Russia (Blitz, Men)"]
[Site "Sochi"]
[Date "2018.10.10"]
[Round "2.3"]
[White "Yuffa, Daniil"]
[Black "Timofeev, Artyom"]
[Result "0-1"]
[BlackElo "2610"]
[WhiteElo "2470"]
[LiveChessVersion "1.4.8"]

1. Nf3 {[%clk 0:03:03]} c5 {[%clk 0:03:02]} 2. g3 {[%clk 0:03:04]} g6
{[%clk 0:03:01]} 3. Bg2 {[%clk 0:03:05]} Bg7 {[%clk 0:03:02]} 4. O-O
{[%clk 0:03:05]} Nc6 {[%clk 0:03:03]} 5. d3 {[%clk 0:03:03]} e6 {[%clk 0:03:02]}
6. Nbd2 {[%clk 0:03:04]} Nge7 {[%clk 0:03:02]} 7. e4 {[%clk 0:03:05]} O-O
{[%clk 0:03:01]} 8. Re1 {[%clk 0:03:07]} d5 {[%clk 0:02:49]} 9. Nf1
{[%clk 0:03:08]} e5 {[%clk 0:02:34]} 10. a4 {[%clk 0:02:46]} d4 {[%clk 0:02:32]}
11. N1d2 {[%clk 0:02:35]} h6 {[%clk 0:02:29]} 12. Nc4 {[%clk 0:02:36]} Be6
{[%clk 0:02:29]} 13. Nfd2 {[%clk 0:02:28]} Qc7 {[%clk 0:02:25]} 14. Rf1
{[%clk 0:02:29]} Rae8 {[%clk 0:02:21]} 15. c3 {[%clk 0:02:26]} Kh7
{[%clk 0:02:19]} 16. cxd4 {[%clk 0:02:27]} Nxd4 {[%clk 0:02:17]} 17. b3
{[%clk 0:02:13]} Rd8 {[%clk 0:02:16]} 18. Bb2 {[%clk 0:02:15]} Ndc6
{[%clk 0:02:16]} 19. Nf3 {[%clk 0:01:50]} Rd7 {[%clk 0:02:17]} 20. Qe2
{[%clk 0:01:46]} Rfd8 {[%clk 0:02:18]} 21. Rfd1 {[%clk 0:01:46]} b6
{[%clk 0:02:18]} 22. Rd2 {[%clk 0:01:42]} a6 {[%clk 0:02:18]} 23. a5
{[%clk 0:01:33]} bxa5 {[%clk 0:02:14]} 24. Bc3 {[%clk 0:01:24]} Bxc4
{[%clk 0:01:43]} 25. bxc4 {[%clk 0:01:24]} Nb4 {[%clk 0:01:41]} 26. Rad1
{[%clk 0:01:03]} Nec6 {[%clk 0:01:39]} 27. h4 {[%clk 0:01:00]} Rd6
{[%clk 0:01:22]} 28. h5 {[%clk 0:01:02]} Qd7 {[%clk 0:01:23]} 29. hxg6+
{[%clk 0:01:02]} fxg6 {[%clk 0:01:25]} 30. Kh2 {[%clk 0:00:46]} a4
{[%clk 0:01:26]} 31. Bh3 {[%clk 0:00:47]} Qf7 {[%clk 0:01:27]} 32. Bg4
{[%clk 0:00:41]} a3 {[%clk 0:01:25]} 33. Kg2 {[%clk 0:00:42]} Kg8
{[%clk 0:01:26]} 34. Ra1 {[%clk 0:00:27]} a2 {[%clk 0:01:25]} 35. Rdxa2
{[%clk 0:00:23]} Nxa2 36. Rxa2 Nb4 {[%clk 0:01:21]} 37. Ra5 {[%clk 0:00:16]} Nxd3
{[%clk 0:01:17]} 38. Qe3 {[%clk 0:00:10]} Qxc4 {[%clk 0:01:17]} 39. Ra3
{[%clk 0:00:06]} Qf7 {[%clk 0:01:07]} 40. Nh4 {[%clk 0:00:07]} c4
{[%clk 0:01:07]} 41. Be2 {[%clk 0:00:07]} Rf8 {[%clk 0:01:03]} 42. Nf3
{[%clk 0:00:08]} g5 {[%clk 0:01:01]} 43. Ra5 {[%clk 0:00:04]} g4 {[%clk 0:00:58]}
44. Nxe5 {[%clk 0:00:05]} Qxf2+ {[%clk 0:00:59]} 45. Qxf2 {[%clk 0:00:06]} Rxf2+
{[%clk 0:00:59]} 46. Kg1 {[%clk 0:00:07]} Rxe2 {[%clk 0:00:59]} 47. Nxc4
{[%clk 0:00:06]} Bxc3 {[%clk 0:00:54]} 48. Rf5 {[%clk 0:00:07]} Bd4+ 49. Kh1 Nf2+
{[%clk 0:00:50]} 0-1

[Event "Team Championship Russia (Blitz, Men)"]
[Site "Sochi"]
[Date "2018.10.10"]
[Round "2.4"]
[White "Sharafiev, Azat"]
[Black "Kryakvin, Dmitry"]
[Result "1/2-1/2"]
[BlackElo "2468"]
[WhiteElo "2435"]
[LiveChessVersion "1.4.8"]

1. d4 {[%clk 0:03:03]} d5 {[%clk 0:03:03]} 2. c4 {[%clk 0:03:04]} c6
{[%clk 0:03:05]} 3. Nf3 {[%clk 0:03:05]} Nf6 {[%clk 0:03:06]} 4. Nc3
{[%clk 0:03:06]} dxc4 {[%clk 0:03:07]} 5. a4 {[%clk 0:03:07]} a5 {[%clk 0:03:08]}
6. Ne5 {[%clk 0:03:06]} e6 {[%clk 0:03:06]} 7. e3 {[%clk 0:03:07]} Bb4
{[%clk 0:03:05]} 8. Bxc4 {[%clk 0:03:05]} Nbd7 {[%clk 0:03:05]} 9. Nd3
{[%clk 0:03:03]} O-O {[%clk 0:03:01]} 10. Nxb4 {[%clk 0:02:55]} axb4
{[%clk 0:03:01]} 11. Ne2 {[%clk 0:02:56]} b5 {[%clk 0:02:48]} 12. Bb3
{[%clk 0:02:23]} c5 {[%clk 0:02:37]} 13. Bc2 {[%clk 0:01:23]} c4 {[%clk 0:02:29]}
14. b3 {[%clk 0:01:20]} Bb7 {[%clk 0:02:12]} 15. O-O {[%clk 0:00:50]} Qc7
{[%clk 0:02:14]} 16. Bd2 {[%clk 0:00:46]} c3 {[%clk 0:02:09]} 17. Bc1
{[%clk 0:00:44]} e5 {[%clk 0:01:51]} 18. Ng3 {[%clk 0:00:36]} Rfd8
{[%clk 0:01:43]} 19. Nf5 {[%clk 0:00:32]} Nc5 {[%clk 0:01:20]} 20. a5
{[%clk 0:00:28]} Ne6 {[%clk 0:00:49]} 21. Qe2 {[%clk 0:00:24]} exd4
{[%clk 0:00:44]} 22. Nxd4 {[%clk 0:00:22]} Nxd4 {[%clk 0:00:33]} 23. exd4
{[%clk 0:00:23]} Rxa5 {[%clk 0:00:23]} 24. Rxa5 {[%clk 0:00:24]} Qxa5
{[%clk 0:00:23]} 25. Bg5 {[%clk 0:00:24]} Qb6 {[%clk 0:00:23]} 26. Bxf6
{[%clk 0:00:18]} Qxf6 {[%clk 0:00:15]} 27. Re1 {[%clk 0:00:13]} g6
{[%clk 0:00:14]} 28. Qxb5 {[%clk 0:00:13]} Bc6 {[%clk 0:00:14]} 29. Qxb4
{[%clk 0:00:13]} Qxd4 {[%clk 0:00:09]} 30. Qxd4 {[%clk 0:00:12]} Rxd4
{[%clk 0:00:11]} 31. Re3 {[%clk 0:00:13]} Bd7 {[%clk 0:00:06]} 32. Rxc3
{[%clk 0:00:13]} Bf5 {[%clk 0:00:08]} 33. g3 {[%clk 0:00:12]} Bxc2
{[%clk 0:00:09]} 34. Rxc2 {[%clk 0:00:13]} Rd1+ {[%clk 0:00:10]} 35. Kg2
{[%clk 0:00:14]} Rb1 {[%clk 0:00:12]} 36. Rc8+ {[%clk 0:00:15]} Kg7
{[%clk 0:00:13]} 37. Rb8 {[%clk 0:00:17]} h5 {[%clk 0:00:13]} 38. b4
{[%clk 0:00:17]} Rb3 {[%clk 0:00:13]} 39. b5 {[%clk 0:00:18]} Kf6
{[%clk 0:00:15]} 40. b6 {[%clk 0:00:19]} g5 {[%clk 0:00:13]} 41. h3
{[%clk 0:00:16]} h4 {[%clk 0:00:13]} 42. gxh4 {[%clk 0:00:15]} gxh4
{[%clk 0:00:14]} 43. b7 {[%clk 0:00:13]} Kf5 {[%clk 0:00:14]} 44. Rh8
{[%clk 0:00:08]} Rxb7 {[%clk 0:00:15]} 45. Rxh4 {[%clk 0:00:09]} Kg6
{[%clk 0:00:17]} 46. Rg4+ {[%clk 0:00:10]} Kh6 {[%clk 0:00:17]} 47. Kg3
{[%clk 0:00:11]} Rb3+ {[%clk 0:00:18]} 48. f3 {[%clk 0:00:12]} Rb5
{[%clk 0:00:19]} 49. Kf4 {[%clk 0:00:12]} Rc5 {[%clk 0:00:19]} 50. Kg3
{[%clk 0:00:12]} Rb5 {[%clk 0:00:20]} 51. Re4 {[%clk 0:00:13]} Kg6
{[%clk 0:00:20]} 52. Rg4+ {[%clk 0:00:14]} Kh6 {[%clk 0:00:22]} 53. Rd4
{[%clk 0:00:15]} Kg6 {[%clk 0:00:23]} 54. h4 {[%clk 0:00:16]} Rc5
{[%clk 0:00:24]} 55. Kg4 {[%clk 0:00:17]} Rb5 {[%clk 0:00:19]} 56. Rd6+
{[%clk 0:00:17]} f6 {[%clk 0:00:14]} 57. Rd8 {[%clk 0:00:16]} Rb4+
{[%clk 0:00:15]} 58. Kg3 {[%clk 0:00:16]} Kg7 {[%clk 0:00:14]} 59. h5
{[%clk 0:00:14]} Rb5 {[%clk 0:00:14]} 60. Kg4 {[%clk 0:00:15]} Rg5+
{[%clk 0:00:15]} 61. Kh4 {[%clk 0:00:16]} Rg1 {[%clk 0:00:14]} 62. Rd4
{[%clk 0:00:16]} Kh6 {[%clk 0:00:13]} 63. Rd5 {[%clk 0:00:13]} Rh1+
{[%clk 0:00:11]} 64. Kg4 {[%clk 0:00:14]} Rg1+ {[%clk 0:00:12]} 65. Kf4
{[%clk 0:00:13]} Rh1 {[%clk 0:00:13]} 66. Rf5 {[%clk 0:00:10]} Rxh5
{[%clk 0:00:12]} 67. Rxh5+ {[%clk 0:00:09]} Kxh5 {[%clk 0:00:13]} 68. Kf5
{[%clk 0:00:10]} Kh4 {[%clk 0:00:14]} 69. Kxf6 {[%clk 0:00:07]} Kg3
{[%clk 0:00:15]} 70. Kg5 {[%clk 0:00:08]} Kxf3 {[%clk 0:00:17]} 1/2-1/2

[Event "Team Championship Russia (Blitz, Men)"]
[Site "Sochi"]
[Date "2018.10.10"]
[Round "2.6"]
[White "Demidov, Mikhail"]
[Black "Morozevich, Alexander"]
[Result "0-1"]
[BlackElo "2677"]
[WhiteElo "2522"]
[LiveChessVersion "1.4.8"]

1. Nf3 {[%clk 0:03:03]} d5 {[%clk 0:03:03]} 2. g3 {[%clk 0:03:04]} Nc6
{[%clk 0:03:04]} 3. d4 {[%clk 0:03:02]} Bf5 {[%clk 0:03:05]} 4. Bg2
{[%clk 0:03:02]} Nb4 {[%clk 0:03:06]} 5. Na3 {[%clk 0:03:03]} e6 {[%clk 0:03:07]}
6. Nh4 {[%clk 0:02:53]} Bg4 {[%clk 0:03:08]} 7. c3 {[%clk 0:02:46]} Na6
{[%clk 0:03:08]} 8. Nc2 {[%clk 0:02:46]} Be7 {[%clk 0:03:01]} 9. Nf3
{[%clk 0:02:46]} Bf5 {[%clk 0:02:56]} 10. O-O {[%clk 0:02:36]} Nf6
{[%clk 0:02:56]} 11. Nh4 {[%clk 0:02:37]} Be4 {[%clk 0:02:57]} 12. f3
{[%clk 0:02:37]} Bg6 {[%clk 0:02:55]} 13. Nxg6 {[%clk 0:02:26]} hxg6
{[%clk 0:02:56]} 14. e4 {[%clk 0:02:27]} c5 {[%clk 0:02:57]} 15. e5
{[%clk 0:02:21]} Nd7 {[%clk 0:02:58]} 16. f4 {[%clk 0:02:16]} Qb6
{[%clk 0:02:57]} 17. Rb1 {[%clk 0:01:52]} Nab8 {[%clk 0:02:44]} 18. b4
{[%clk 0:01:13]} cxb4 {[%clk 0:02:36]} 19. cxb4 {[%clk 0:00:55]} a5
{[%clk 0:02:06]} 20. b5 {[%clk 0:00:41]} a4 {[%clk 0:02:07]} 21. Be3
{[%clk 0:00:31]} Qc7 {[%clk 0:02:08]} 22. Qd3 {[%clk 0:00:29]} Nb6
{[%clk 0:02:08]} 23. Rfc1 {[%clk 0:00:30]} Nc4 {[%clk 0:02:03]} 24. Bf2
{[%clk 0:00:30]} Nd7 {[%clk 0:02:00]} 25. Ne3 {[%clk 0:00:22]} Ndb6
{[%clk 0:01:58]} 26. g4 {[%clk 0:00:21]} Bh4 {[%clk 0:01:55]} 27. Bg3
{[%clk 0:00:17]} Qe7 {[%clk 0:01:53]} 28. f5 {[%clk 0:00:16]} gxf5
{[%clk 0:01:52]} 29. gxf5 {[%clk 0:00:17]} Bxg3 {[%clk 0:01:52]} 30. hxg3
{[%clk 0:00:18]} Qg5 {[%clk 0:01:53]} 31. Nf1 {[%clk 0:00:11]} O-O-O
{[%clk 0:01:26]} 32. fxe6 {[%clk 0:00:10]} fxe6 {[%clk 0:01:28]} 33. Qd2
{[%clk 0:00:06]} Qg4 {[%clk 0:01:23]} 34. Qf4 {[%clk 0:00:06]} Qh5
{[%clk 0:01:25]} 35. Qf3 {[%clk 0:00:06]} Qg6 {[%clk 0:01:23]} 36. Qe2
{[%clk 0:00:04]} Kb8 {[%clk 0:01:24]} 37. Re1 {[%clk 0:00:05]} Rdf8
{[%clk 0:01:22]} 38. Rbc1 {[%clk 0:00:06]} Qg5 {[%clk 0:01:15]} 39. Rc3
{[%clk 0:00:07]} Rf7 {[%clk 0:01:09]} 40. Rf3 {[%clk 0:00:08]} Rhf8
{[%clk 0:01:10]} 41. Rxf7 {[%clk 0:00:09]} Rxf7 {[%clk 0:01:12]} 42. Rd1
{[%clk 0:00:10]} Nc8 {[%clk 0:01:09]} 43. Bh3 {[%clk 0:00:11]} Qh6
{[%clk 0:01:09]} 44. Kg2 {[%clk 0:00:12]} Ne7 {[%clk 0:01:10]} 45. Rd3
{[%clk 0:00:13]} Nf5 {[%clk 0:01:08]} 46. Bxf5 {[%clk 0:00:13]} Rxf5
{[%clk 0:01:10]} 47. Rf3 {[%clk 0:00:13]} g6 {[%clk 0:01:07]} 48. Rxf5
{[%clk 0:00:11]} gxf5 {[%clk 0:01:08]} 49. Qd1 {[%clk 0:00:11]} a3
{[%clk 0:01:03]} 50. Qe1 {[%clk 0:00:11]} Qg5 {[%clk 0:00:54]} 51. Qf2
{[%clk 0:00:08]} Qg4 {[%clk 0:00:54]} 52. Ne3 {[%clk 0:00:07]} Qe4+
{[%clk 0:00:55]} 0-1

[Event "Team Championship Russia (Blitz, Men)"]
[Site "Sochi"]
[Date "2018.10.10"]
[Round "2.7"]
[White "Savchenko, Boris"]
[Black "Afanasiev, Nikita"]
[Result "1-0"]
[BlackElo "2543"]
[WhiteElo "2657"]
[LiveChessVersion "1.4.8"]

1. e4 {[%clk 0:03:03]} c5 {[%clk 0:03:03]} 2. Nf3 {[%clk 0:03:04]} d6
{[%clk 0:03:04]} 3. d4 {[%clk 0:03:04]} cxd4 {[%clk 0:03:04]} 4. Nxd4
{[%clk 0:03:05]} Nf6 {[%clk 0:03:05]} 5. Nc3 {[%clk 0:03:06]} Nc6
{[%clk 0:03:06]} 6. Bg5 {[%clk 0:03:07]} e6 {[%clk 0:03:06]} 7. Qd2
{[%clk 0:03:08]} a6 {[%clk 0:03:05]} 8. O-O-O {[%clk 0:03:08]} Bd7
{[%clk 0:03:06]} 9. f4 {[%clk 0:03:07]} Be7 {[%clk 0:03:02]} 10. Nf3
{[%clk 0:02:46]} b5 {[%clk 0:03:02]} 11. Bd3 {[%clk 0:02:46]} Rc8
{[%clk 0:02:43]} 12. g4 {[%clk 0:02:43]} h6 {[%clk 0:02:37]} 13. Bxf6
{[%clk 0:02:40]} gxf6 {[%clk 0:02:34]} 14. h4 {[%clk 0:02:38]} Qb6
{[%clk 0:02:29]} 15. Kb1 {[%clk 0:02:26]} Na5 {[%clk 0:02:25]} 16. g5
{[%clk 0:01:51]} Rg8 {[%clk 0:01:37]} 17. gxf6 {[%clk 0:01:38]} Bxf6
{[%clk 0:01:32]} 18. e5 {[%clk 0:01:39]} Bd8 {[%clk 0:00:38]} 19. Ne4
{[%clk 0:01:16]} Nb7 {[%clk 0:00:27]} 20. Rhg1 {[%clk 0:00:51]} Rf8
{[%clk 0:00:28]} 21. Rde1 {[%clk 0:00:46]} dxe5 {[%clk 0:00:17]} 22. Nxe5
{[%clk 0:00:41]} Rc7 {[%clk 0:00:18]} 23. f5 {[%clk 0:00:38]} exf5
{[%clk 0:00:10]} 24. Nc4 {[%clk 0:00:34]} fxe4 {[%clk 0:00:04]} 25. Nxb6
{[%clk 0:00:34]} 1-0